|
|
|
|
| LEADER |
01168nam a2200253 a 4500 |
| 001 |
3433264 |
| 003 |
BD-DhAAL |
| 008 |
091227s1993 nyu b 001 0 eng d |
| 010 |
|
|
|a 91028606
|
| 020 |
|
|
|a 9780140158151
|
| 040 |
|
|
|a DLC
|c DLC
|d DLC
|d BD-DhAAL
|
| 082 |
0 |
0 |
|a 215
|2 20
|
| 100 |
1 |
|
|a Davies, P. C. W.
|9 58749
|
| 245 |
1 |
4 |
|a The mind of God :
|b the scientific basis for a rational world /
|c Paul Davies.
|
| 260 |
|
|
|a New York :
|b Simon & Schuster,
|c c1992.
|
| 300 |
|
|
|a 254 p. ;
|c 25 cm.
|
| 504 |
|
|
|a Includes bibliographical references and index.
|
| 526 |
|
|
|x Fardousi Ara Begum
Assistant Professor
Department of Mathematics and Natural Sciences
Course name and no.:N/A
|
| 541 |
1 |
|
|a Zeenat book supply limited
|e 00019621
|
| 650 |
|
0 |
|a Religion and science.
|
| 852 |
4 |
|
|a Ayesha Abed Library
|j General Shelf.
|
| 942 |
|
|
|2 ddc
|c BK
|
| 999 |
|
|
|c 6472
|d 6472
|
| 952 |
|
|
|0 0
|1 0
|2 ddc
|4 0
|6 215_DAV_199200000000000
|7 0
|9 6563
|a BRACUL
|b BRACUL
|c GEN
|d 2009-12-27
|e Zeenat book supply limited
|g 645.00
|l 20
|m 157
|o 215 DAV
|p 3010019621
|r 2024-09-08
|s 2024-07-09
|t 1
|w 2009-12-27
|y BK
|x Requisitioned by Fardousi Ara Begum, Assistant Professor, Department of MNS. Course name and no. "not available"
|